| 000 | 00712nam a2200229 i 4500 | ||
|---|---|---|---|
| 001 | 61556 | ||
| 003 | ES-MaACL | ||
| 005 | 20250904002334.0 | ||
| 007 | t| | ||
| 008 | 031112s1982 mx ||||1| spa d | ||
| 020 | _a968-16-1300-7 | ||
| 245 | 0 | 3 |
_aEl exilio español en México, 1939-1982 / _c[prólogo José López Portillo]. |
| 250 | _a1ª ed. | ||
| 260 |
_aMéxico : _bSalvat : _bFondo de Cultura Económica, _c1982. |
||
| 300 |
_a909 p. : _bil. ; _c24 cm. |
||
| 504 | _aBibliografía. | ||
| 650 | 4 |
_aExiliados españoles- _zMéxico. _912674 |
|
| 700 | 1 |
_aLópez Portillo y Pacheco, José, _d1920-2004 _9173733 |
|
| 852 |
_aES-MaACL _jL-10619 |
||
| 852 |
_aES-MaACL _jL-6732 |
||
| 999 |
_c61556 _d61556 |
||